U.S. Cities that Americans Move To - Statistics

General Stats
  • This quiz has been taken 29,250 times
    14,312 since last reset
  • The average score is 11 of 20
Answer Stats
Gain Metro Area
% Correct
703,000 Dallas / Fort Worth
92%
400,000 Houston
90%
426,000 Austin
86%
575,000 Phoenix
80%
320,000 Atlanta
78%
249,000 Orlando
72%
336,000 San Antonio
72%
454,000 Tampa
71%
242,000 Las Vegas
67%
347,000 Charlotte
66%
235,000 Jacksonville
66%
231,000 Nashville
65%
228,000 Raleigh
55%
140,000 Charleston
37%
151,000 Boise
30%
201,000 Fort Myers / Cape Coral
14%
247,000 Sarasota / Bradenton
8%
167,000 Daytona Beach
7%
185,000 Myrtle Beach
6%
196,000 Lakeland
4%
No matching quizzes found
Score Distribution
Percent of People with Each Score
Percentile by Number Answered
Your Score History
You have not taken this quiz since the last reset